000 00406nam a2200145Ia 4500
008 231129s2001||||xx |||||||||||||| ||spa||
020 _a1-884912-28-1
040 _bspa
082 _aCo861.6 V715v
100 _aVillamil Antonieta
245 0 _aViolento placer
260 _c2001
264 _aThe Latino Press; Latin American Writers Institute
942 _2ddc
_cBKS
999 _c26340
_d26340